Visualizzazione normale
Vista MARC
- Di Carlo Carlo
di Personal Name
Records bibliografici associati: 1
001 - CONTROL NUMBER
- control field: 37086
003 - CONTROL NUMBER IDENTIFIER
- control field: IT-RoPau
005 - DATE AND TIME OF LATEST TRANSACTION
- control field: 20151125155545.0
008 - FIXED-LENGTH DATA ELEMENTS
- fixed length control field: 151125|| aca||aabn | a|a d
040 ## - CATALOGING SOURCE
- Original cataloging agency: IT-RoPau
- Transcribing agency: IT-RoPau
100 ## - HEADING--PERSONAL NAME
- Personal name: Di Carlo Carlo
- Relator term: (regista)
- Miscellaneous information: Codice regista SPICS: 7226
670 ## - SOURCE DATA FOUND
- Source citation: Work cat.: (IT-RoPau)104680: Di Carlo Carlo Codice regista SPICS: 7226 37083, TRENO DELLE CINQUE (IL) TRENO DELLE CINQUE (IL) (Rif. Codice opera principale : 63195)